000 00516nam a2200181Ia 4500
999 _c3324
_d3324
003 OSt
005 20200818100253.0
008 190216s9999||||xx |||||||||||||| ||und||
020 _a9788176255929
040 _coclc
082 _a547.128
_bDUT/P
100 _aDutta, Mala
_94168
245 0 _aProblems In Nmr Spectroscopy /
_cMala Dutta
260 _bSarup & Sons,
_aNew Delhi:
_c2005.
300 _a150p
650 _aChemistry-Chemistry
942 _cBK
_2ddc
_h547.128
_iDUT/P
_k547.128
_mDUT/P